[Event "Tancats de l'Urgell E"]
[Site "Tarrega"]
[Date "2011.04.29"]
[Round "3.1"]
[White "Monfa Escola, Joel"]
[Black "Gabernet Llorens, Miquel"]
[Result "0-1"]
[WhiteElo "1731"]
[BlackElo "1770"]
[PlyCount "108"]
[EventDate "2011.04.08"]
[EventType "tourn"]
[EventRounds "9"]
[EventCountry "ESP"]
[SourceTitle "EXT 2023"]
[Source "ChessBase"]
[SourceDate "2022.10.05"]
[SourceVersion "1"]
[SourceVersionDate "2022.10.05"]
[SourceQuality "1"]

1. d3 c5 2. Nf3 d6 3. g3 Nf6 4. Bg2 Nc6 5. 0-0 g6 6. c3 Bg7 7. Qc2 0-0 8. b3 Bd7 9. Bb2 b5 10. Nfd2 Rb8 11. Re1 Qc8 12. Qc1 Bh3 13. Bh1 Bd7 14. Qc2 Nd8 15. c4 bxc4 16. Nxc4 Bc6 17. e4 Re8 18. Bg2 a6 19. Bc3 Bb5 20. Ncd2 e5 21. a4 Bd7 22. Na3 Nc6 23. Nac4 Qc7 24. Na3 Be6 25. Rab1 Rb7 26. Rb2 Reb8 27. Reb1 Nb4 28. Bxb4 Rxb4 29. h3 Kf8 30. Kh2 Ng8 31. h4 h5 32. Bh3 Qd7 33. Bg2 Ne7 34. Nf3 Nc6 35. Nc4 Bg4 36. Kg1 Bxf3 37. Bxf3 Nd4 38. Qd1 Qc7 39. Nd2 R8b7 40. Kg2 Qb8 41. Kf1 Bh6 42. Be2 Bxd2 43. Qxd2 Rxb3 44. Rxb3 Rxb3 45. Qh6+ Ke7 46. Rxb3 Qxb3 47. Qd2 Qxa4 48. Bd1 Qb4 49. Qg5+ Kf8 50. Qd8+ Kg7 51. Qxd6 Qd2 52. Qxe5+ Kh7 53. Ba4 Qxd3+ 54. Kg1 Nf3+ 0-1